| 000 | 003710000a22001450004500 | ||
|---|---|---|---|
| 005 | 20120302062731.0 | ||
| 942 | _cBOOK | ||
| 100 | _a KETKAR ,SHANTARAM HARI | ||
| 245 | _a SEVA SARITANCHA 'AMRUT KUMBHA' | ||
| 260 | _aPUNE : EKATA PRAKASHAN | ||
| 300 | _a680 P. | ||
| 040 | _aMAR | ||
| 365 | _bRS.200/- | ||
| 650 | _aSANKIRNA / RA.SWA.SANGHA / VANVASI KALYAN ASHRAM | ||
| 999 |
_c357514 _d357511 |
||